The poetics of impersonality : T.S. Eliot and Ezra Pound /

Bibliographic Details
Main Author: Ellmann, Maud, 1954-
Format: Book
Language:English
Published: Cambridge, Mass. : Harvard University Press, 1987.
Subjects:

MARC

Tag First Indicator Second Indicator Subfields
LEADER 00000cam a2200000 a 4500
001 in00000036305
005 20151007055435.0
008 870302s1987 mau b 00110 eng
010 |a  87007422  
020 |a 0674678583 :  |c $22.50 
035 |a (OCoLC)15316948 
035 |9 AAB8251AM 
040 |a DLC  |c DLC  |d TXA  |d UtOrBLW 
043 |a n-us--- 
049 |a TXAM  |c [A11507127] 
050 0 0 |a PS310.S34  |b E45 1987 
082 0 |a 821/.912/09353  |2 19 
100 1 |a Ellmann, Maud,  |d 1954- 
245 1 4 |a The poetics of impersonality :  |b T.S. Eliot and Ezra Pound /  |c Maud Ellmann. 
264 1 |a Cambridge, Mass. :  |b Harvard University Press,  |c 1987. 
300 |a xvi, 207 pages ;  |c 23 cm. 
336 |a text  |b txt  |2 rdacontent 
337 |a unmediated  |b n  |2 rdamedia 
338 |a volume  |b nc  |2 rdacarrier 
500 |a Revision of thesis (D. Phil.)--Oxford University, 1982. 
504 |a Includes bibliographies and index. 
650 0 |a American poetry  |y 20th century  |x History and criticism. 
650 0 |a Self in literature. 
650 0 |a Identity (Psychology) in literature. 
650 0 |a Persona (Literature) 
600 1 0 |a Eliot, T. S.  |q (Thomas Stearns),  |d 1888-1965  |x Criticism and interpretation. 
600 1 0 |a Pound, Ezra,  |d 1885-1972  |x Criticism and interpretation. 
999 |a MARS 
999 f f |s 3368e39d-7f1b-323a-be2f-c91bd7d713f8  |i b63c3c40-192b-3550-b6dc-82de88f25b82  |t 0 
952 f f |p ric  |a Texas A&M University  |b Rellis Campus  |c Joint Library Facility  |d Remote Storage  |t 0  |e PS310.S34 E45 1987  |h Library of Congress classification  |i unmediated -- volume  |m A14811507127 
998 f f |a PS310.S34 E45 1987  |t 0  |l Remote Storage